00980nam a22001577a 4500008004100000020001500041050001400056100002300070245006000093250001300153260003900166300003300205500002000238505053600258650002800794121113t xxu||||| |||| 00| 0 eng d a0030417619 aBF76.5.K4 aKerlinger, Fred N. aFoundations of behavioral research. /cFred N. Kerliger a10th ed. aNew York:bHarcourt-Brace,cc1986. axviii, 667 p.:bill.;c24cm. aIncludes index. aContents: The Language and approach of science -- Sets, relations, and variance -- Probability, randomness, and sampling -- Analysis, interpretation, statistics, and inference -- Analysis of variance -- Designs of research -- Types of research -- Measurement -- Methods of observation and data collection -- Multivariate approaches and analysis -- Appendix A: Historical and methodological research -- Appendix B: The Computer and behavioral research -- Appendix C: Random numbers and statistics -- Appendix D: The Research report. bPsychology x Research.